中国土壤 (Record no. 238)

MARC details
000 -LEADER
fixed length control field 01104cam a2200361 4500
001 - CONTROL NUMBER
control field 178644
003 - CONTROL NUMBER IDENTIFIER
control field ItRFAO
008 - FIXED-LENGTH DATA ELEMENTS--GENERAL INFORMATION
fixed length control field 930101t1978 xxu||||| ||| 00| 0 d
040 ## - CATALOGING SOURCE
Original cataloging agency ItRFAO
Modifying agency ItRFAO
041 0# - LANGUAGE CODE
Language code of text/sound track or separate title chi
084 ## - OTHER CLASSIFICATION NUMBER
Classification number 631.47 C44
-- 114926
110 ## - MAIN ENTRY--CORPORATE NAME
Corporate name or jurisdiction name as entry element Academia Sinica, Nanking. Inst. of Soil Science
Language of a work eng
9 (RLIN) 1151
242 00 - TRANSLATION OF TITLE BY CATALOGING AGENCY
Title Soils of China
245 00 - TITLE STATEMENT
Title 中国土壤
260 ## - PUBLICATION, DISTRIBUTION, ETC.
Place of publication, distribution, etc. Nanking (China)
Name of publisher, distributor, etc. Science Press
Date of publication, distribution, etc. 1978
300 ## - PHYSICAL DESCRIPTION
Extent 729 p.
336 ## - CONTENT TYPE
Source ItRFAO
338 ## - CARRIER TYPE
Source ItRFAO
Carrier type term Books
546 ## - LANGUAGE NOTE
Language note Chinese
520 ## - SUMMARY, ETC.
Summary, etc. Diagrs., maps (1 col. map in pocket, scale 1:10,000,000) plates (some col.), tables. Glossary of soil terms (Ch, En). Contents also in En
650 17 - SUBJECT ADDED ENTRY--TOPICAL TERM
Source of heading or term agrovoc
Topical term or geographic name entry element SOIL SCIENCES
9 (RLIN) 1152
650 17 - SUBJECT ADDED ENTRY--TOPICAL TERM
Source of heading or term agrovoc
Topical term or geographic name entry element SOIL TYPES
650 17 - SUBJECT ADDED ENTRY--TOPICAL TERM
Source of heading or term agrovocf
Topical term or geographic name entry element SCIENCES DU SOL
9 (RLIN) 1154
650 17 - SUBJECT ADDED ENTRY--TOPICAL TERM
Source of heading or term agrovocf
Topical term or geographic name entry element TYPE DE SOL
650 17 - SUBJECT ADDED ENTRY--TOPICAL TERM
Source of heading or term agrovocs
Topical term or geographic name entry element CIENCIA DEL SUELO
9 (RLIN) 1156
650 17 - SUBJECT ADDED ENTRY--TOPICAL TERM
Source of heading or term agrovocs
Topical term or geographic name entry element TIPOS DE SUELOS
651 #7 - SUBJECT ADDED ENTRY--GEOGRAPHIC NAME
Source of heading or term agrovoc
Geographic name CHINA
651 #7 - SUBJECT ADDED ENTRY--GEOGRAPHIC NAME
Source of heading or term agrovocf
Geographic name CHINE
651 #7 - SUBJECT ADDED ENTRY--GEOGRAPHIC NAME
Source of heading or term agrovocs
Geographic name CHINA
919 ## -
-- Library material
942 ## - ADDED ENTRY ELEMENTS (KOHA)
Suppress in OPAC No
Koha item type Mixed Materials
Holdings
Withdrawn status Lost status Damaged status Not for loan Collection Home library Current library Shelving location Date acquired Barcode Date last seen Price effective from Koha item type
        Reference Fairview Fairview General stacks 09/04/2014 39999000010299 09/04/2014 09/04/2014 Books
        Reference Midway Midway General stacks 09/04/2014 39999000010275 09/04/2014 09/04/2014 Books